header

Diffusion in advanced materials and processing : (Record no. 131427)

MARC details
000 -LEADER
fixed length control field 02335nam a22004331i 4500
001 - CONTROL NUMBER
control field ebr10777882
003 - CONTROL NUMBER IDENTIFIER
control field CaPaEBR
006 - FIXED-LENGTH DATA ELEMENTS--ADDITIONAL MATERIAL CHARACTERISTICS--GENERAL INFORMATION
fixed length control field m o d
007 - PHYSICAL DESCRIPTION FIXED FIELD--GENERAL INFORMATION
fixed length control field cr cn|||||||||
008 - FIXED-LENGTH DATA ELEMENTS--GENERAL INFORMATION
fixed length control field 080205s2007 sz a ob 101 0 eng d
020 ## - INTERNATIONAL STANDARD BOOK NUMBER
Cancelled/invalid ISBN 9783908451457
Cancelled/invalid ISBN 3908451450
International Standard Book Number 9783038131496 (e-book)
040 ## - CATALOGING SOURCE
Original cataloging agency CaPaEBR
Language of cataloging eng
Description conventions rda
-- pn
Transcribing agency CaPaEBR
035 ## - SYSTEM CONTROL NUMBER
System control number (OCoLC)868961258
050 14 - LIBRARY OF CONGRESS CALL NUMBER
Classification number QC185
Item number .D534 2007eb
082 04 - DEWEY DECIMAL CLASSIFICATION NUMBER
Classification number 620.1/1
Edition number 22
245 00 - TITLE STATEMENT
Title Diffusion in advanced materials and processing :
Remainder of title selected, peer reviewed papers from the Symposium TMS 136th annual meeting and exhibition (Orlando, FL, February 25 - March 1, 2007) /
Statement of responsibility, etc edited by Y.H. Sohn [and three others].
264 #1 - PRODUCTION, PUBLICATION, DISTRIBUTION, MANUFACTURE, AND COPYRIGHT NOTICE
Place of production, publication, distribution, manufacture Stafa-Zurich :
Name of producer, publisher, distributor, manufacturer Trans Tech Publications, Ltd.,
Date of production, publication, distribution, manufacture, or copyright notice [2007]
Date of production, publication, distribution, manufacture, or copyright notice �2007
300 ## - PHYSICAL DESCRIPTION
Extent 1 online resource (213 pages) :
Other physical details illustrations.
336 ## - CONTENT TYPE
Content type term text
Source rdacontent
337 ## - MEDIA TYPE
Media type term computer
Source rdamedia
338 ## - CARRIER TYPE
Carrier type term online resource
Source rdacarrier
490 1# - SERIES STATEMENT
Series statement Diffusion and defect data. Pt. A,Defect and diffusion forum,
International Standard Serial Number 1012-0386 ;
Volume number/sequential designation v. 266
504 ## - BIBLIOGRAPHY, ETC. NOTE
Bibliography, etc Includes bibliographical references and indexes.
588 ## - SOURCE OF DESCRIPTION NOTE
Source of description note Description based on print version record.
590 ## - LOCAL NOTE (RLIN)
Local note Electronic reproduction. Palo Alto, Calif. : ebrary, 2013. Available via World Wide Web. Access may be limited to ebrary affiliated libraries.
650 #0 - SUBJECT ADDED ENTRY--TOPICAL TERM
Topical term or geographic name as entry element Diffusion
Form subdivision Congresses.
Topical term or geographic name as entry element Kirkendall effect
Form subdivision Congresses.
Topical term or geographic name as entry element Materials
Form subdivision Congresses.
655 #0 - INDEX TERM--GENRE/FORM
Genre/form data or focus term Electronic books.
700 1# - ADDED ENTRY--PERSONAL NAME
Personal name Sohn, Y. H.
710 2# - ADDED ENTRY--CORPORATE NAME
Corporate name or jurisdiction name as entry element Minerals, Metals and Materials Society.
Subordinate unit Annual Meeting
Number of part/section/meeting (136th :
Date of meeting or treaty signing 2007 :
Location of meeting Orlando, Fla.)
776 08 - ADDITIONAL PHYSICAL FORM ENTRY
Display text Print version:
Title Diffusion in advanced materials and processing : selected, peer reviewed papers from the Symposium TMS 136th annual meeting and exhibition (Orlando, FL, February 25 - March 1, 2007).
Place, publisher, and date of publication Stafa-Zurich : Trans Tech Publications, Ltd., c2007
Physical description viii, 207 pages : illustrations ; 26 cm.
Series data for related item Diffusion and defect data. Pt. A,Defect and diffusion forum ; v. 266.
International Standard Book Number 9783908451457
Record control number (OCoLC)176970531
-- (DLC) 2008270573
797 2# - LOCAL ADDED ENTRY--CORPORATE NAME (RLIN)
Corporate name or jurisdiction name as entry element ebrary.
830 #0 - SERIES ADDED ENTRY--UNIFORM TITLE
Uniform title Diffusion and defect data.
Number of part/section of a work Pt. A,
Name of part/section of a work Defect and diffusion forum ;
Volume number/sequential designation v. 266.
International Standard Serial Number 1012-0386
856 40 - ELECTRONIC LOCATION AND ACCESS
Uniform Resource Identifier <a href="http://site.ebrary.com/lib/rucke/Doc?id=10777882">http://site.ebrary.com/lib/rucke/Doc?id=10777882</a>
Public note An electronic book accessible through the World Wide Web; click to view

No items available.

© 2026 Rongo University
Contact us: librarian | system librarian | Rongo university